Statistiken für Große Katzen

Klicken Sie hier um das Quiz zu spielen!

Allgemein

  • Dieses Quiz wurde 5.960 mal gespielt
  • Das Durchschnittsergebnis liegt bei 6 aus 9

Antwortstatistiken

MaximalgewichtFellmuster und andere InfosKatze% Korrekt
250 kgschlicht; Männchen hat eine große Mähne; brülltLöwe
99%
305 kgschwarze Streifen; brülltTiger
99%
 95 kgMuster von schwarzen Flecken; brülltLeopard (aka Panther)
95%
 72 kgschwarze Punkte; kann schneller als 110km/h rennenGepard
92%
100 kgschlicht; lebt in den Gebirgsregionen AmerikasPuma (aka Berglöwe)
81%
 30 kgkurzer Schwanz, büschelige Ohren, Backenbart, schwarze FleckenEurasischer Luchs
73%
160 kgMuster von schwarzen Flecken; brüllt; lebt in AmerikaJaguar
68%
 55 kghellgrau mit dunklen FleckenSchneeleopard
27%
 23 kggroße, dunkle, unregelmäßige FarbfleckenSunda-Nebelparder
10%

Verteilung der Resultate

Perzentil nach korrekt beantworteten Fragen

Anzahl Personen mit jedem Resultat

Ihre Resultats-Entwicklung

Sie haben dieses Quiz noch nicht gespielt